[Event "BUL-ch U20 Girls"]
[Site "Sofia"]
[Date "2009.03.13"]
[Round "5"]
[White "Hristova, Hristina"]
[Black "Kosturska, Yoana"]
[Result "1-0"]
[WhiteElo "1849"]
[BlackElo "1823"]
[PlyCount "63"]
[EventDate "2009.03.09"]
[EventType "swiss"]
[EventRounds "7"]
[EventCountry "BUL"]
[SourceTitle "CBM 129 Extra"]
[Source "ChessBase"]
[SourceDate "2009.05.05"]
[SourceVersion "2"]
[SourceVersionDate "2009.05.20"]
[SourceQuality "1"]

1. e4 g6 2. d4 c5 3. c3 Qc7 4. Nf3 Bg7 5. Bd3 d6 6. Bb5+ Nd7 7. 0-0 a6 8. Bxd7+ Bxd7 9. a4 b6 10. Re1 e6 11. Bf4 cxd4 12. cxd4 Ne7 13. Nc3 0-0 14. Rc1 Qb8 15. e5 d5 16. Qd2 Qe8 17. b3 Ra7 18. Ne2 b5 19. a5 Nc6 20. Ng3 b4 21. Rc5 Qd8 22. Rec1 Qa8 23. Bh6 Qb7 24. Bxg7 Kxg7 25. Qg5 Be8 26. Nh5+ Kg8 27. Nf6+ Kg7 28. Nxe8+ Rxe8 29. Rxc6 Qb5 30. Qf6+ Kg8 31. h3 Qxa5 32. Rc8 1-0

[Event "BUL-ch U20 Girls"]
[Site "Sofia"]
[Date "2009.03.12"]
[Round "4"]
[White "Sirkova, Darena"]
[Black "Hristova, Hristina"]
[Result "1-0"]
[WhiteElo "1942"]
[BlackElo "1849"]
[PlyCount "97"]
[EventDate "2009.03.09"]
[EventType "swiss"]
[EventRounds "7"]
[EventCountry "BUL"]
[SourceTitle "CBM 129 Extra"]
[Source "ChessBase"]
[SourceDate "2009.05.05"]
[SourceVersion "2"]
[SourceVersionDate "2009.05.20"]
[SourceQuality "1"]

1. e4 d5 2. exd5 Nf6 3. Bb5+ Bd7 4. Be2 Nxd5 5. d4 Bf5 6. Nf3 e6 7. 0-0 Nc6 8. a3 Be7 9. c4 Nf6 10. Nc3 0-0 11. d5 exd5 12. cxd5 Nb8 13. Bf4 a6 14. Qb3 b6 15. Nd4 Bg6 16. Nc6 Qd7 17. Nxe7+ Qxe7 18. d6 cxd6 19. Qxb6 Rd8 20. Bf3 Ra7 21. Rfe1 Qc7 22. Be3 Qxb6 23. Bxb6 Rad7 24. Bxd8 Rxd8 25. Rad1 Kf8 26. Rd4 Ne8 27. h4 Nc7 28. Ne4 Nb5 29. Rdd1 Bf5 30. a4 Bxe4 31. Bxe4 Nc7 32. Bxh7 Ne6 33. Be4 Nc5 34. Rd4 Nb3 35. Rd5 Nc5 36. Rh5 Kg8 37. Bh7+ Kf8 38. Bc2 Kg8 39. b4 Ne6 40. Bb3 Nd4 41. Bd5 Nbc6 42. b5 axb5 43. axb5 Ne5 44. b6 g6 45. Rg5 Kg7 46. b7 Rb8 47. Rgxe5 dxe5 48. Ra1 Nf5 49. Ra8 1-0

[Event "BUL-ch U20 Girls"]
[Site "Sofia"]
[Date "2009.03.10"]
[Round "2"]
[White "Vasova, Mariya"]
[Black "Hristova, Hristina"]
[Result "0-1"]
[WhiteElo "1791"]
[BlackElo "1849"]
[PlyCount "166"]
[EventDate "2009.03.09"]
[EventType "swiss"]
[EventRounds "7"]
[EventCountry "BUL"]
[SourceTitle "CBM 129 Extra"]
[Source "ChessBase"]
[SourceDate "2009.05.05"]
[SourceVersion "2"]
[SourceVersionDate "2009.05.20"]
[SourceQuality "1"]

1. e4 e5 2. Nf3 Nf6 3. Nxe5 d6 4. Nc4 Nxe4 5. Nc3 Nxc3 6. dxc3 Nc6 7. Bd3 d5 8. Ne3 Ne5 9. Be2 c6 10. 0-0 Bd6 11. f4 Ng6 12. f5 Nf4 13. Bf3 0-0 14. Bg4 Qg5 15. g3 h5 16. h4 Qf6 17. Bf3 Nh3+ 18. Kg2 Bxf5 19. Nxf5 Qxf5 20. Rh1 g5 21. hxg5 Nxg5 22. Rxh5 Qxf3+ 23. Qxf3 Nxf3 24. Kxf3 Rfe8 25. Bf4 Bxf4 26. gxf4 Kg7 27. Rg1+ Kf6 28. Rf1 Rg8 29. Re5 Rh8 30. Rfe1 Rag8 31. Rg5 Rh3+ 32. Kg2 Rgh8 33. Re2 Rh1 34. Rge5 R8h2+ 35. Kf3 Rf1+ 36. Kg3 Rhh1 37. Re7 Rhg1+ 38. Kh2 Rg6 39. Rxb7 Rxf4 40. Re3 Rf2+ 41. Kh3 Rxc2 42. Rf3+ Ke6 43. Re3+ Kd6 44. Rxf7 Rc1 45. Kh2 Rc2+ 46. Kh3 Rxb2 47. Rxa7 Rb8 48. Rh7 Ra8 49. Re2 Rg1 50. Rh6+ Kc5 51. Rh2 Rc1 52. Kg3 Rxc3+ 53. Kf4 Rf8+ 54. Kg4 Rff3 55. a4 Ra3 56. a5 Rfc3 57. Re2 Rxa5 58. Ree6 Ra4+ 59. Kf5 Kb5 60. Re8 Rcc4 61. Rb8+ Kc5 62. Rc8 Rf4+ 63. Kg5 Rg4+ 64. Kf5 Rgc4 65. Rcxc6+ Kb4 66. Rb6+ Kc3 67. Rh3+ Kd4 68. Rbb3 Kc5 69. Rhd3 Rc1 70. Ke5 Re1+ 71. Kf5 Rf1+ 72. Kg5 d4 73. Rb2 Rc1 74. Rbd2 Rc3 75. Kf4 Rxd3 76. Rxd3 Ra8 77. Kf3 Kc4 78. Ke2 Rh8 79. Rd1 d3+ 80. Kd2 Kd4 81. Re1 Rh2+ 82. Kd1 Kc3 83. Rg1 Ra2 0-1

[Event "BUL-chT (Women) 41th"]
[Site "Borovetz"]
[Date "2008.10.04"]
[Round "4"]
[White "Nikolova, Adriana"]
[Black "Hristova, Hristina"]
[Result "1-0"]
[WhiteElo "2281"]
[BlackElo "1851"]
[PlyCount "99"]
[EventDate "2008.10.01"]
[EventType "team-tourn"]
[EventRounds "7"]
[EventCountry "BUL"]
[SourceTitle "CBM 126 Extra"]
[Source "ChessBase"]
[SourceDate "2008.11.05"]
[SourceVersion "1"]
[SourceVersionDate "2008.11.05"]
[SourceQuality "1"]
[WhiteTeam "Plovdiv Lokomotiv 2000 (W)"]
[BlackTeam "Varna Georgi Daskalov (W)"]
[WhiteTeamCountry "BUL"]
[BlackTeamCountry "BUL"]

1. e4 e5 2. Nf3 Nf6 3. Nxe5 d6 4. Nf3 Nxe4 5. Nc3 Nxc3 6. dxc3 Be7 7. Bf4 0-0 8. Qd2 Nd7 9. 0-0-0 Nc5 10. Nd4 Bf6 11. f3 Ne6 12. Nxe6 Bxe6 13. Bd3 Qd7 14. a3 Bf5 15. Bxf5 Qxf5 16. g4 Qe6 17. Kb1 Rae8 18. Rde1 Qc4 19. Bg3 Qb5 20. h4 Rxe1+ 21. Rxe1 g6 22. g5 Bg7 23. Qe3 a5 24. Ka1 Qf5 25. Re2 b5 26. Be1 Be5 27. Qd3 Qf4 28. Ka2 Rb8 29. Re4 Qf5 30. Qe3 b4 31. cxb4 axb4 32. Bxb4 Qe6+ 33. c4 Qd7 34. Bc3 Qa4 35. Bxe5 dxe5 36. b3 Qd7 37. Rxe5 Ra8 38. a4 c6 39. Re7 Qd8 40. Kb2 Kf8 41. Re4 Qd6 42. Qd4 Qh2+ 43. Ka3 Kg8 44. Qd7 c5 45. Re8+ Rxe8 46. Qxe8+ Kg7 47. Qe7 Qf2 48. a5 Qd4 49. Qf6+ Kf8 50. Qxd4 1-0

[Event "BUL-ch sf (Women) 57th"]
[Site "Plovdiv"]
[Date "2008.02.18"]
[Round "7"]
[White "Hristova, Hristina"]
[Black "Videnova, Iva"]
[Result "0-1"]
[WhiteElo "1918"]
[BlackElo "2191"]
[PlyCount "74"]
[EventDate "2008.02.13"]
[EventType "swiss"]
[EventRounds "7"]
[EventCountry "BUL"]
[SourceTitle "EXT 2010"]
[Source "ChessBase"]
[SourceDate "2010.11.25"]
[SourceVersion "1"]
[SourceVersionDate "2010.11.25"]
[SourceQuality "1"]

1. e4 c5 2. Nf3 Nc6 3. Bb5 g6 4. 0-0 Bg7 5. Re1 Nf6 6. c3 0-0 7. d4 cxd4 8. cxd4 d5 9. e5 Ne4 10. Nc3 Nxc3 11. bxc3 Qc7 12. Ba3 Re8 13. c4 a6 14. Bxc6 Qxc6 15. cxd5 Qxd5 16. h3 Bd7 17. Qe2 Bb5 18. Qd2 Rac8 19. Rac1 Bf8 20. Bc5 Rc6 21. Rc2 b6 22. Ba3 Rec8 23. Rec1 Rxc2 24. Rxc2 Rxc2 25. Qxc2 Bc4 26. Qa4 Bxa2 27. Qxa6 Qa5 28. Qd3 Qa4 29. d5 Bxd5 30. Bxe7 Bxf3 31. Bxf8 Kxf8 32. Qxf3 Qa1+ 33. Kh2 Qxe5+ 34. Kg1 b5 35. Qa3+ Kg7 36. Qa7 b4 37. Qb6 Qc3 0-1

[Event "BUL-ch sf (Women) 57th"]
[Site "Plovdiv"]
[Date "2008.02.15"]
[Round "3"]
[White "Hristova, Hristina"]
[Black "Galunova, Tsveta"]
[Result "1-0"]
[WhiteElo "1918"]
[BlackElo "1887"]
[PlyCount "82"]
[EventDate "2008.02.13"]
[EventType "swiss"]
[EventRounds "7"]
[EventCountry "BUL"]
[SourceTitle "EXT 2010"]
[Source "ChessBase"]
[SourceDate "2010.11.25"]
[SourceVersion "1"]
[SourceVersionDate "2010.11.25"]
[SourceQuality "1"]

1. e4 e5 2. Nf3 Nc6 3. Bc4 Bc5 4. c3 Nf6 5. d3 d6 6. h3 Ne7 7. 0-0 0-0 8. d4 Bb6 9. dxe5 Nxe4 10. exd6 Qxd6 11. Qe2 Ng3 12. Qe5 Qxe5 13. Nxe5 Nxf1 14. Kxf1 Ng6 15. Nxg6 hxg6 16. Bf4 Bf5 17. Nd2 Rad8 18. Kg1 Bd3 19. Bb3 Rfe8 20. Nf3 Re7 21. Bg3 c5 22. Ne5 c4 23. Bxc4 Bxf2+ 24. Bxf2 Rxe5 25. Rd1 Bxc4 26. Rxd8+ Kh7 27. Rc8 Bxa2 28. Bxa7 Re2 29. b4 Bd5 30. Bf2 Rc2 31. Rc7 f6 32. b5 Rc1+ 33. Kh2 Rc2 34. Kg3 f5 35. Bd4 Rxg2+ 36. Kf4 Kh6 37. Bxg7+ Kh5 38. Bd4 Kh6 39. Rc8 g5+ 40. Kxf5 Be4+ 41. Kxe4 Kg6 1-0

[Event "BUL-ch qual (Women)"]
[Site "Plovdiv"]
[Date "2007.02.24"]
[Round "1.4"]
[White "Hristova, Hristina"]
[Black "Videnova, Iva"]
[Result "0-1"]
[WhiteElo "1884"]
[BlackElo "2175"]
[PlyCount "48"]
[EventDate "2007.02.24"]
[EventType "swiss"]
[EventRounds "9"]
[EventCountry "BUL"]
[SourceTitle "CBM 117 Extra"]
[Source "ChessBase"]
[SourceDate "2007.05.09"]
[SourceVersion "1"]
[SourceVersionDate "2007.05.09"]
[SourceQuality "1"]

1. Nf3 c5 2. g3 g6 3. Bg2 Bg7 4. d3 Nc6 5. e4 d6 6. 0-0 Bg4 7. h3 Bd7 8. Be3 Bxb2 9. Nbd2 Bxa1 10. Qxa1 e5 11. c3 f6 12. d4 b6 13. Nc4 Qc7 14. dxc5 dxc5 15. Rd1 Rd8 16. Nd6+ Kf8 17. Qc1 Be6 18. Nb5 Rxd1+ 19. Qxd1 Qd7 20. Qc1 Nge7 21. Bh6+ Kf7 22. Bf1 Rd8 23. Na3 Bxh3 24. Bxh3 Qxh3 0-1

[Event "BUL-ch U20 Girls"]
[Site "Doupnitza"]
[Date "2006.02.17"]
[Round "4"]
[White "Hristova, Hristina"]
[Black "Andreeva, Plamena"]
[Result "0-1"]
[WhiteElo "1898"]
[BlackElo "2071"]
[PlyCount "57"]
[EventDate "2006.02.15"]
[EventType "swiss"]
[EventRounds "7"]
[EventCountry "BUL"]
[SourceTitle "CBM 110 Extra"]
[Source "ChessBase"]
[SourceDate "2006.03.10"]
[SourceVersion "2"]
[SourceVersionDate "2006.03.10"]
[SourceQuality "1"]

1. b3 e5 2. Bb2 Nc6 3. e4 Nf6 4. d3 d5 5. Nd2 Bc5 6. Be2 dxe4 7. dxe4 0-0 8. Ngf3 Nd7 9. 0-0 Kh8 10. Nc4 f6 11. a3 a5 12. Bd3 Re8 13. Nh4 Nf8 14. Qh5 Be6 15. Ne3 Bxe3 16. fxe3 Qd7 17. Nf5 Qf7 18. Qf3 Rad8 19. Rf2 Bxb3 20. Bb5 Bc4 21. a4 Nd7 22. Rd1 Nc5 23. Rfd2 Rxd2 24. Rxd2 Bxb5 25. axb5 Nb4 26. Ba3 Qc4 27. Qg4 g6 28. Ng3 Qc3 29. Qf3 0-1

[Event "BUL-ch U20 Girls"]
[Site "Doupnitza"]
[Date "2006.02.15"]
[Round "1"]
[White "Hristova, Hristina"]
[Black "Raeva, Elitsa"]
[Result "0-1"]
[WhiteElo "1898"]
[BlackElo "2210"]
[PlyCount "96"]
[EventDate "2006.02.15"]
[EventType "swiss"]
[EventRounds "7"]
[EventCountry "BUL"]
[SourceTitle "CBM 110 Extra"]
[Source "ChessBase"]
[SourceDate "2006.03.10"]
[SourceVersion "2"]
[SourceVersionDate "2006.03.10"]
[SourceQuality "1"]

1. Nf3 c5 2. g3 Nc6 3. Bg2 g6 4. d3 Bg7 5. e4 d6 6. 0-0 e5 7. c3 Nge7 8. Be3 0-0 9. Nbd2 h6 10. Nb3 f5 11. Qd2 Kh7 12. Ne1 a5 13. a4 Be6 14. Nc1 g5 15. f4 exf4 16. gxf4 g4 17. Ne2 h5 18. d4 fxe4 19. Bxe4+ Bf5 20. Ng3 cxd4 21. cxd4 Bxe4 22. Nxe4 Nf5 23. Ng5+ Kg8 24. Nc2 Re8 25. Bf2 Bf6 26. Qd3 Qd7 27. d5 Nd8 28. Rae1 Rxe1 29. Rxe1 Bxg5 30. fxg5 Nf7 31. Re6 Ng7 32. Qg6 Ne5 33. Qh6 Nxe6 34. dxe6 Qh7 35. Nd4 Qxh6 36. gxh6 Re8 37. Kg2 Nf3 38. Nxf3 gxf3+ 39. Kxf3 Rxe6 40. Be3 Kh7 41. Bb6 d5 42. Bxa5 Ra6 43. Bd2 Rxa4 44. b4 Ra3+ 45. Kf4 Rh3 46. Ke5 Rxh2 47. Bf4 Rb2 48. Kxd5 Rxb4 0-1

[Event "Plovdiv Tringov Memorial"]
[Site "Plovdiv"]
[Date "2006.02.07"]
[Round "1"]
[White "Hristova, Hristina"]
[Black "Todorov, Ognjan"]
[Result "0-1"]
[WhiteElo "1898"]
[BlackElo "2322"]
[PlyCount "50"]
[EventDate "2006.02.07"]
[EventType "swiss"]
[EventRounds "9"]
[EventCountry "BUL"]
[SourceTitle "EXT 2007"]
[Source "ChessBase"]
[SourceDate "2006.11.23"]
[SourceVersion "1"]
[SourceVersionDate "2006.11.23"]
[SourceQuality "1"]

1. Nf3 Nf6 2. g3 d5 3. Bg2 c5 4. d3 Nc6 5. Nbd2 e5 6. e4 Be7 7. 0-0 0-0 8. h3 b6 9. exd5 Nxd5 10. Nc4 f6 11. a4 Be6 12. Re1 Qd7 13. Kh2 Rad8 14. Bd2 Rfe8 15. Nh4 Bf8 16. Ne3 Nc7 17. Be4 Nd4 18. g4 g6 19. Rg1 Bg7 20. c3 Nb3 21. Ra3 Nxd2 22. Qxd2 c4 23. Raa1 Na6 24. Nhf5 Nc5 25. Nxg7 Kxg7 0-1

[Event "BUL-ch (Women) qual"]
[Site "Pleven"]
[Date "2006.02.01"]
[Round "7"]
[White "Stefanova, Milena"]
[Black "Hristova, Hristina"]
[Result "1-0"]
[WhiteElo "2038"]
[BlackElo "1920"]
[PlyCount "45"]
[EventDate "2006.01.28"]
[EventType "swiss"]
[EventRounds "9"]
[EventCountry "BUL"]
[SourceTitle "CBM 110 Extra"]
[Source "ChessBase"]
[SourceDate "2006.03.10"]
[SourceVersion "2"]
[SourceVersionDate "2006.03.10"]
[SourceQuality "1"]

1. b4 e5 2. Bb2 Bxb4 3. Bxe5 Nf6 4. c3 Ba5 5. d4 d6 6. Bxf6 Qxf6 7. e3 Bf5 8. Qb3 Bb6 9. Nd2 Nc6 10. e4 Nxd4 11. cxd4 Qxd4 12. 0-0-0 Be6 13. Bc4 Ke7 14. Ngf3 Qc5 15. Kb1 Bxc4 16. Nxc4 a5 17. e5 d5 18. Nxb6 cxb6 19. Rxd5 Qxf2 20. Rhd1 Rhd8 21. Qa3+ Ke8 22. Qa4+ Ke7 23. Rd7+ 1-0

[Event "BUL-chT U18 Girls"]
[Site "Razgrad"]
[Date "2006.??.??"]
[Round "2.1"]
[White "Hristova, Hristina"]
[Black "Nikolova, Adriana"]
[Result "0-1"]
[WhiteElo "1886"]
[BlackElo "2167"]
[PlyCount "66"]
[EventDate "2006.11.08"]
[EventType "team"]
[EventRounds "6"]
[EventCountry "BUL"]
[SourceTitle "CBM 115 Extra"]
[Source "ChessBase"]
[SourceDate "2007.01.10"]
[SourceVersion "1"]
[SourceVersionDate "2007.01.10"]
[SourceQuality "1"]

1. e4 c5 2. Nf3 d6 3. Bb5+ Bd7 4. Bxd7+ Qxd7 5. 0-0 e6 6. Re1 Nc6 7. c3 Nf6 8. d4 cxd4 9. cxd4 d5 10. e5 Ne4 11. Nbd2 Nxd2 12. Bxd2 Be7 13. a3 a5 14. Re3 0-0 15. Rc1 Rfc8 16. Rec3 Bf8 17. Ng5 h6 18. Nf3 a4 19. h4 b5 20. Qc2 Ra6 21. Qd3 Rb6 22. b4 Rbb8 23. Nh2 Na7 24. Ng4 Qd8 25. Qg3 Kh8 26. Bxh6 gxh6 27. Nf6 Bg7 28. Qf4 Rc4 29. Rg3 Nc6 30. Rxc4 dxc4 31. Nh5 Nxd4 32. Qxf7 Ne2+ 33. Kh2 Bxe5 0-1

[Event "BUL-chT (Women) 38th"]
[Site "Sunny Beach"]
[Date "2005.09.30"]
[Round "7"]
[White "Hristova, Hristina"]
[Black "Nedelcheva, Vania"]
[Result "1/2-1/2"]
[WhiteElo "1903"]
[BlackElo "1705"]
[PlyCount "111"]
[EventDate "2005.09.26"]
[EventType "team-tourn"]
[EventRounds "9"]
[EventCountry "BUL"]
[SourceTitle "CBM 108 Extra"]
[Source "ChessBase"]
[SourceDate "2005.11.04"]
[SourceVersion "1"]
[SourceVersionDate "2005.11.04"]
[SourceQuality "1"]
[WhiteTeam "Varna Georgi Daskalov (W)"]
[BlackTeam "Plovdiv Spartak (W)"]
[WhiteTeamCountry "BUL"]
[BlackTeamCountry "BUL"]

1. b3 g6 2. Bb2 Nf6 3. f4 Bg7 4. Nf3 d5 5. d3 c5 6. e3 Nc6 7. Nbd2 b6 8. g3 Bb7 9. Bg2 e6 10. 0-0 0-0 11. e4 dxe4 12. dxe4 Nxe4 13. Bxg7 Nxd2 14. Nxd2 Kxg7 15. Qe2 Qc7 16. Ne4 Rad8 17. Rad1 Rxd1 18. Rxd1 Rd8 19. Rxd8 Qxd8 20. Ng5 Qd4+ 21. Qf2 Qd1+ 22. Bf1 Nd4 23. c3 h6 24. cxd4 hxg5 25. dxc5 gxf4 26. Qxf4 Qd5 27. cxb6 axb6 28. Kf2 Qc5+ 29. Qe3 Qxe3+ 30. Kxe3 Bc6 31. Kd4 Kf6 32. Be2 Kf5 33. h4 e5+ 34. Ke3 b5 35. g4+ Kf6 36. a3 Ke6 37. Bd3 Kf6 38. Be4 Bd7 39. Bf3 Be8 40. Be4 Bd7 41. g5+ Ke6 42. Bc2 Kd6 43. a4 bxa4 44. bxa4 Bc6 45. Bb3 Ke7 46. Bc4 Bxa4 47. Ke4 f6 48. gxf6+ Kxf6 49. Bd3 Bc6+ 50. Ke3 Bd7 51. Be4 Bf5 52. Bf3 Bb1 53. Bg4 Bf5 54. Bf3 Bb1 55. Bg4 Bf5 56. Bf3 1/2-1/2

[Event "Kesarovski Georgiev Memorial 4th"]
[Site "Sunny Beach"]
[Date "2005.09.23"]
[Round "8"]
[White "Nikolov, Nikolaj"]
[Black "Hristova, Hristina"]
[Result "1-0"]
[WhiteElo "2130"]
[BlackElo "1903"]
[PlyCount "141"]
[EventDate "2005.09.16"]
[EventType "swiss"]
[EventRounds "9"]
[EventCountry "BUL"]
[SourceTitle "CBM 108 Extra"]
[Source "ChessBase"]
[SourceDate "2005.11.04"]
[SourceVersion "1"]
[SourceVersionDate "2005.11.04"]
[SourceQuality "1"]

1. e4 e5 2. Nf3 Nc6 3. Bc4 Bc5 4. Nc3 Nf6 5. d3 h6 6. 0-0 0-0 7. Ne2 a6 8. Ng3 d5 9. exd5 Nxd5 10. Re1 Re8 11. Ne4 Ba7 12. h3 f5 13. Nc3 Be6 14. Nxe5 Nce7 15. Qh5 Qd6 16. Bd2 b5 17. Bb3 Bd4 18. Ng6 c6 19. Re2 Ra7 20. Rae1 Bf7 21. Nxe7+ Raxe7 22. Qxf5 Bxc3 23. Rxe7 Rxe7 24. Rxe7 Qxe7 25. Bxc3 a5 26. Bxa5 g6 27. Qf3 Qa7 28. Bc3 Qb7 29. Bd4 Qc7 30. Qe4 Qd7 31. Qe5 Be6 32. Qh8+ Kf7 33. Qxh6 Bf5 34. Qg7+ Ke8 35. Qg8+ Ke7 36. Qg7+ Ke8 37. Qe5+ Kd8 38. Bc5 Be6 39. Bd6 Kc8 40. c4 bxc4 41. dxc4 Ne7 42. c5 Bxb3 43. axb3 Nd5 44. Qd4 Qf5 45. Qg4 Qxg4 46. hxg4 g5 47. g3 Kd7 48. f4 gxf4 49. gxf4 Ke6 50. Kf2 Kf6 51. Kf3 Kg6 52. Ke4 Kf6 53. g5+ Kf7 54. Ke5 Kg6 55. Ke6 Kh5 56. Kf7 Kg4 57. g6 Nxf4 58. Bxf4 Kxf4 59. g7 Ke3 60. g8Q Kd3 61. Qe8 Kc2 62. Qe3 Kxb2 63. b4 Kc2 64. Ke6 Kb2 65. Kd6 Kc2 66. Kxc6 Kb2 67. Qd3 Kc1 68. b5 Kb2 69. b6 Kc1 70. b7 Kb2 71. b8Q+ 1-0

[Event "BUL-ch sf (Women)"]
[Site "Vratsa"]
[Date "2005.??.??"]
[Round "5"]
[White "Vladimirova, Diana"]
[Black "Hristova, Hristina"]
[Result "1-0"]
[WhiteElo "1774"]
[BlackElo "1957"]
[PlyCount "63"]
[EventDate "2005.01.28"]
[EventType "tourn"]
[EventRounds "7"]
[EventCountry "BUL"]
[SourceTitle "CBM 104 Extra"]
[Source "ChessBase"]
[SourceDate "2005.03.01"]
[SourceVersion "1"]
[SourceVersionDate "2005.03.01"]
[SourceQuality "1"]

1. e4 e5 2. f4 Qh4+ 3. g3 Qe7 4. d3 Nf6 5. fxe5 Qxe5 6. Nf3 Qe7 7. Qe2 d6 8. Nc3 Nc6 9. Bg5 Bg4 10. Nd5 Qd8 11. Qf2 Be7 12. Nxe7 Qxe7 13. Be2 h6 14. Bxf6 Qxf6 15. c3 0-0 16. h3 Bd7 17. Nd2 Qxf2+ 18. Kxf2 f5 19. Kg2 fxe4 20. Nxe4 Rae8 21. Rae1 Ne5 22. Rhf1 Bc6 23. Rxf8+ Kxf8 24. Kf2 Re7 25. Bf1 Rf7+ 26. Kg2 d5 27. Nc5 Nf3 28. Re2 b6 29. Ne6+ Kg8 30. Nd8 Bd7 31. Nxf7 Bxh3+ 32. Kxf3 1-0

[Event "BUL-ch U18 Girls"]
[Site "Rouse"]
[Date "2004.03.17"]
[Round "1"]
[White "Dilova, Monika"]
[Black "Hristova, Hristina"]
[Result "1/2-1/2"]
[WhiteElo "1815"]
[BlackElo "1984"]
[PlyCount "76"]
[EventDate "2004.03.17"]
[EventType "swiss"]
[EventRounds "7"]
[EventCountry "BUL"]
[SourceTitle "CBM 099 Extra"]
[Source "ChessBase"]
[SourceDate "2004.05.04"]
[SourceVersion "1"]
[SourceVersionDate "2004.05.04"]
[SourceQuality "1"]

1. e4 e5 2. Nf3 Nf6 3. Nxe5 d6 4. Nf3 Nxe4 5. Nc3 Nf6 6. d4 d5 7. h3 Be7 8. Bd3 0-0 9. 0-0 Nc6 10. Re1 Nb4 11. Ne5 Nxd3 12. Qxd3 h6 13. Ne2 Ne4 14. Ng3 Nxg3 15. Qxg3 Bh4 16. Qf3 Qf6 17. Qxf6 Bxf6 18. Bf4 Bf5 19. c3 Rfe8 20. Re3 c6 21. Rae1 Kf8 22. Kf1 a5 23. a3 Bh4 24. R1e2 Rad8 25. g4 Bc8 26. Nf3 Rxe3 27. Rxe3 Bf6 28. Bc7 Re8 29. Rxe8+ Kxe8 30. Bxa5 h5 31. gxh5 Bxh3+ 32. Ke2 Bg4 33. Ke3 Bxh5 34. Bc7 Bxf3 35. Kxf3 Bh4 36. Bg3 Be7 37. a4 Kd7 38. b3 Ba3 1/2-1/2

[Event "BUL-ch sf (Women)"]
[Site "Pernik"]
[Date "2004.01.29"]
[Round "4"]
[White "Yordanova, Svetla"]
[Black "Hristova, Hristina"]
[Result "1-0"]
[WhiteElo "2165"]
[BlackElo "1984"]
[PlyCount "56"]
[EventDate "2004.01.??"]
[EventType "swiss"]
[EventRounds "7"]
[EventCountry "BUL"]
[SourceTitle "CBM 098 Extra"]
[Source "ChessBase"]
[SourceDate "2004.03.10"]
[SourceVersion "2"]
[SourceVersionDate "2004.03.10"]
[SourceQuality "1"]

1. d4 d5 2. Nf3 Nf6 3. c4 c6 4. Nc3 dxc4 5. a4 Bf5 6. Ne5 Nbd7 7. Nxc4 Qc7 8. g3 e5 9. dxe5 Nxe5 10. Bf4 Nfd7 11. Bg2 Be7 12. 0-0 0-0-0 13. Qc1 f6 14. Ne4 g5 15. Nxe5 Nxe5 16. Be3 h5 17. a5 Rdg8 18. Bxa7 h4 19. Bb6 Qd7 20. a6 Kb8 21. axb7 Qxb7 22. Bd4 hxg3 23. fxg3 Bh3 24. Nc5 Bxc5 25. Qxc5 Bxg2 26. Ra7 Bxf1 27. Rxb7+ Kxb7 28. Qa7+ Kc8 1-0